000 01031pam a2200289 a 4500
001 1635632
003 NUST - PNEC
005 20170116181139.0
008 960627s1996 maua b 001 0 eng
010 _a 96031534
020 _a0792397746 (acidfree paper)
040 _aDLC
_cLIBRARY
_dDLC
050 0 0 _aTJ217.5
_b.F93 1996
082 0 0 _a511.3 RUA
100 _914515
_aRuan, Da
245 0 0 _aFuzzy logic foundations and industrial applications /
_cedited by Da Ruan.
260 _aBoston :
_bKluwer Academic Publishers,
_cc1996.
300 _axix, 330 p. :
_bill. ;
_c24 cm.
440 0 _aInternational series in intelligent technologies ;
_v8
504 _aIncludes bibliographical references and index.
650 0 _aIntelligent control systems.
_xME
650 0 _aFuzzy logic.
700 1 _aRuan, Da.
906 _a7
_bcbc
_corignew
_d1
_eocip
_f19
_gy-gencatlg
942 _2ddc
_cBK
999 _c70388
_d70388